Gaming Quiz

Random Gaming or Pokémon Quiz

Most Common Pokémon Moves Quiz Stats

 Plays Quiz Updated Jul 27, 2012

Challenge
Share
Tweet
Embed
Score 0/20 Timer 08:00
0 Plays Today
# of Pokémon that learn the move Move % Correct
140Tackle
91.2%
95Growl
72%
52Scratch
67.7%
51Tail Whip
62.7%
100Leer
62%
56Water Gun
55.3%
68Quick Attack
49.4%
67Bite
48.6%
46Sand-Attack
37.7%
51Slash
36.3%
# of Pokémon that learn the move Move % Correct
65Screech
25.4%
49Confusion
24.6%
72Agility
23.2%
66Take Down
19.7%
53Crunch
18.5%
45Hydro Pump
16.6%
45Double-Edge
10.3%
45Focus Energy
8.4%
51Scary Face
7.9%
46AncientPower
4.1%

You're not logged in!

Compare scores with friends on all Sporcle quizzes.
OR
Log In

You Might Also Like...

Show Comments

Extras

Top Quizzes Today


Score Distribution

Your Account Isn't Verified!

In order to create a playlist on Sporcle, you need to verify the email address you used during registration. Go to your Sporcle Settings to finish the process.

Report this User

Report this user for behavior that violates our Community Guidelines.

Details: